000 00556nam a2200205Ia 4500
003 GCL
008 140319s9999 xx 000 0 ara d
040 _aGCL /
_cGCL
082 0 4 _a784.092
_bم ب
100 1 _aهدى حبيشة
245 1 0 _aبيتهوفن /
_cهدى حبيشة
700 1 _aمحمد فهمى ابوالنصر
300 _a124 ص
490 _aاقرأ
_v0
650 0 4 _aالمانيا
650 0 4 _aالموسيقى الغربية
650 0 4 _aبيتهوفن
650 0 4 _aالموسيقيون - تراجم
942 _2ddc
_cBK
999 _c40911
_d40911